Ekonomické, demografické a inštitucionálne determinanty rozvoja poistného trhu dizertačná práca

Gespeichert in:
Bibliographische Detailangaben
1. Verfasser: Bobovník, Daniel
Körperschaft: Národohospodárska fakulta EU. Katedra poisťovníctva
Weitere Verfasser: Pastoráková, Erika, 1972-
Format: Buch
Sprache:Slowakisch
Veröffentlicht: Bratislava 2016
Schlagworte:
Tags: Tag hinzufügen
Keine Tags, Fügen Sie das erste Tag hinzu!

MARC

LEADER 00000nbm a2200000 4500
001 0221418
005 20240502073633.8
041 0 |a slo 
044 |a SK 
245 1 0 |a Ekonomické, demografické a inštitucionálne determinanty rozvoja poistného trhu  |b dizertačná práca  |c Daniel Bobovník ; školiteľ: Erika Pastoráková 
264 1 |a Bratislava  |c 2016 
300 |a 98 s. 
610 2 0 |a poisťovníctvo 
610 2 0 |a trh poistný 
610 2 0 |a poisťovne 
610 2 0 |a demografia 
610 2 0 |a poistenie neživotné 
610 2 0 |a poistenie životné 
100 1 |a Bobovník, Daniel 
700 1 |a Pastoráková, Erika, 1972- 
710 2 |a Národohospodárska fakulta EU. Katedra poisťovníctva